| 000 | 01000nam a2200217Ia 4500 | ||
|---|---|---|---|
| 008 | 0000002000 pr a 0000000000spa00 | ||
| 090 | _aPPR00 V14p | ||
| 100 | 1 |
_aVallejo, Orlando _d1955 |
|
| 245 | 1 | 0 |
_aPinturas recientes de Orlando Vallejo en el Museo de Arte Contemporáneo de Caguas _c/ fotografías Ricardo Guerra ; traducciones José A. Peláez |
| 264 | _aCaguas (Puerto Rico) : Museo de Arte Contemporáneo de Caguas | ||
| 300 |
_a[16] p. _c/ 25 cm. |
||
| 500 | _aExposición realizada en el Museo de Arte Contemporáneo de Caguas (Puerto Rico), Noviembre 4 1999 Enero 10, 2000 \ Con el patronazgo del maestro venezolano Jesús Rafael Soto (q.e.p.d.) | ||
| 600 | 0 | 0 |
_a VALLEJO, ORLANDO, 1955 / _xTRABAJOS PICTORICOS |
| 650 | 1 | 4 | _a PINTURA PUERTORRIQUEÑA |
| 650 | 1 | 4 | _aARTE CONTEMPORANEO PUERTORRIQUEÑO |
| 650 | 1 | 4 | _xCATALOGOS |
| 650 | 1 | 4 | _xEXPOSICIONES |
| 650 | 1 | 4 | _aPINTORES PUERTORRIQUEÑOS |
| 700 | 1 | _aGuerra, Ricardo \ Peláez, José A., tr. | |
| 999 |
_c874 _d874 |
||
| 260 | _c2000 | ||